Plasty v nástrojařství /
Gespeichert in:
| 1. Verfasser: | |
|---|---|
| Format: | Buch |
| Sprache: | Tschechisch |
| Veröffentlicht: |
Praha :
ČVTS - Česká vědeckotechnická společnost,
1974
|
| Schlagworte: | |
| Online-Zugang: |
|
| Tags: |
Tag hinzufügen
Keine Tags, Fügen Sie den ersten Tag hinzu!
|
MARC
| LEADER | 00000cam a2200000 4500 | ||
|---|---|---|---|
| 003 | SK-BrCVT | ||
| 005 | 20250312131620.0 | ||
| 008 | 091008s1974 cs e ||||||cze d | ||
| 020 | |q (brož.) | ||
| 035 | |a CVTIDWR020131 | ||
| 040 | |a |b slo |c CVT |d CVT |e AACR2 | ||
| 041 | 0 | |a cze | |
| 044 | |a cs |c CS | ||
| 072 | 7 | |2 CVT |a 678 | |
| 080 | 1 | |a 678.5/.8 |2 2011 | |
| 100 | 1 | |a Neuhäusl, Emil |4 aut | |
| 245 | 1 | 0 | |a Plasty v nástrojařství / |c autoři: Emil Neuhäusl ... [et al.] |
| 260 | 3 | |a Praha : |b ČVTS - Česká vědeckotechnická společnost, |c 1974 | |
| 300 | |a 161 s. : |b ilustr. ; |c 28 cm | ||
| 366 | |e 250 ks | ||
| 653 | |a priemysel makromolekulárnych materiálov | ||
| 910 | |b A328909 |b A340451 | ||
| 959 | |a 48 | ||
| 992 | |a AMG | ||
| 999 | |c 214353 |d 214353 | ||
| 974 | |b Rita Zubonyaiová | ||